Las ciudades perdidas de Mauritania : (Record no. 12932)

MARC details
000 -LEADER
campo de control de longitud fija 00725nam a2200205 i 4500
001 - NÚMERO DE CONTROL
campo de control 12932
003 - IDENTIFICADOR DE NÚMERO DE CONTROL
campo de control ES-MaACL
005 - FECHA Y HORA DE LA ÚLTIMA TRANSACCIÓN
campo de control 20230906150436.0
007 - CAMPO FIJO DE DESCRIPCIÓN FÍSICA--INFORMACIÓN GENERAL
campo de control de longitud fija t|
008 - DATOS DE LONGITUD FIJA--INFORMACIÓN GENERAL
campo de control de longitud fija 971014s1996 sp a |||| | spa d
020 ## - NÚMERO INTERNACIONAL ESTÁNDAR DEL LIBRO
Número Internacional Estándar del Libro 84-89016-23-2
080 ## - NÚMERO DE LA CLASIFICACIÓN DECIMAL UNIVERSAL
Número de la Clasificación Decimal Universal 908(661.2)
245 04 - MENCIÓN DEL TÍTULO
Título Las ciudades perdidas de Mauritania :
Resto del título expedición a la cuna de los almorávides /
Mención de responsabilidad, etc. Mauricio Pastor Muñoz y Manuel Villar Raso (editores).
260 ## - PUBLICACIÓN, DISTRIBUCIÓN, ETC.
Lugar de publicación, distribución, etc. Granada :
Nombre del editor, distribuidor, etc. Sierra Nevada 95 :
-- El Legado Andalusí,
Fecha de publicación, distribución, etc. [1996]
300 ## - DESCRIPCIÓN FÍSICA
Extensión 220 p. :
Otras características físicas principalmente il. col. ;
Dimensiones 29 cm.
651 #4 - PUNTO DE ACCESO ADICIONAL DE MATERIA--NOMBRE GEOGRÁFICO
Nombre geográfico Mauritania-
Subdivisión general Descripción.
9 (RLIN) 159910
700 1# - ENTRADA AGREGADA--NOMBRE PERSONAL
Nombre de persona Pastor Muñoz, Mauricio.
9 (RLIN) 89516
700 1# - ENTRADA AGREGADA--NOMBRE PERSONAL
Nombre de persona Villar Raso, Manuel.
9 (RLIN) 115101
852 4# - LOCALIZACIÓN
Ubicación ES-MaACL
Número de control de estantería L-20251
Holdings
Estatus retirado Estado de pérdida Estado de daño No para préstamo Biblioteca de origen Biblioteca actual Ubicación en estantería Fecha de adquisición Fuente de adquisición Total de préstamos Signatura topográfica completa Código de barras Visto por última vez Precio de reemplazo Tipo de ítem Koha
        Biblioteca del Ateneo de Madrid Biblioteca del Ateneo de Madrid Depósito 2 17/01/2008     L-20251 1013171 23/02/2023 23/02/2023 Libro impreso